Resumen del Informe Técnico. Proyecto de Ley de Aprobación del Tratado de Libre Comercio entre los Estados Unidos Mexicanos y el Gobierno de la República de Costa Rica expágina No. 11.948 /
El documento es un resumen del informe técnico del proyecto de ley de aprobación del tratado de libre comercio entre los Estados Unidos Mexicanos y el gobierno de la República de Costa Rica. El tratado oficial consta de diecinueve capítulos en diez títulos, relativos a las siguientes áreas: aspectos...
محفوظ في:
| التنسيق: | نص |
|---|---|
| الموضوعات: | |
| الوسوم: |
إضافة وسم
لا توجد وسوم, كن أول من يضع وسما على هذه التسجيلة!
|
MARC
| LEADER | 00000 a a2200000 04500 | ||
|---|---|---|---|
| 001 | 16907 | ||
| 003 | |||
| 040 | |||
| 245 | |a Resumen del Informe Técnico. Proyecto de Ley de Aprobación del Tratado de Libre Comercio entre los Estados Unidos Mexicanos y el Gobierno de la República de Costa Rica expágina No. 11.948 / |c González, Anabel | ||
| 520 | |a El documento es un resumen del informe técnico del proyecto de ley de aprobación del tratado de libre comercio entre los Estados Unidos Mexicanos y el gobierno de la República de Costa Rica. El tratado oficial consta de diecinueve capítulos en diez títulos, relativos a las siguientes áreas: aspectos generales, comercio de bienes, comercio de servicios, medidas de normalización, compras del sector público, inversión, propiedad intelectual, disposiciones administrativas, solución de controversias y disposiciones finales. Además se adjunta una serie de anexos y apéndices que forman parte del tratado. La tercera parte, que es de medular importancia para las partes suscriptoras se refiere al comercio de bienes. Los países se comprometen a otorgar trato nacional a los bienes originarios de la otra parte, así como al establecimiento del programa de desgravación arancelaria y desmantelamiento de medidas no arancelarias restrictivas para crear una zona de libre comercio. Cuenta con un capítulo exclusivo para el sector agropecuario y la adopción de medidas fitosanitarias y zoosanitarias en el que se detallan reglas referidas al acceso a mercados, ayuda interna y subsidios a las exportaciones. De mucha importancia es el capítulo referido a las normas de origen, en el cual se establecen los criterios sustantivos para determinar el origen de las mercancías, los criterios de expedición de aquellas y cuestiones institucionales referidas a la administración del régimen, entre otras cosas. El documento presenta un contexto macroeconómico, los retos derivados del tratado, un análisis del mismo y aspectos de trámite legislativo. HB/ALJ | ||
| 650 | |a LIBRE COMERCIO | ||
| 650 | |a COMERCIALIZACION | ||
| 650 | |a INVERSIONES EXTRANJERAS | ||
| 650 | |a EXPORTACIONES | ||
| 650 | |a LEGISLACION | ||
| 773 | |g volumen 2, número 1; páginas 214-235 | ||
| 999 | |c 20242 |d 20242 | ||
